WWE - Multiple Choice Quiz #2 - Statistics

General Stats
  • This quiz has been taken 523 times
  • The average score is 10 of 15
Answer Stats
Question Answer % Correct
Who ended The Undertaker's legendary WrestleMania winning streak in 2014? Brock Lesnar
94%
Who won the 2016 Money In The Bank ladder match? Dean Ambrose
83%
Who won the 1996 King of the Ring tournament? Stone Cold Steve Austin
82%
True or False - Kane has won the United States Championship False
73%
Who won the 2007 Royal Rumble match? The Undertaker
73%
Who won the first ever Elimination Chamber match at Survivor Series 2002? Shawn Michaels
69%
Who did CM Punk defeat to capture the WWE Championship at Survivor Series 2011? Alberto Del Rio
66%
Which of the following men has NOT won the Hardcore Championship? Gangrel
66%
The Ultimate Warrior challenged Hulk Hogan for his WWE Championship at WrestleMania VI. What did Warrior put on the line in the match? his Intercontinental Championship
65%
Chris Jericho faced Christian for the vacant Intercontinental Championship at Unforgiven 2004. What type of match was it? Ladder match
60%
Who won the Cruiserweight Classic tournament held in 2016? TJ Perkins
60%
Wade Barrett, Justin Gabriel, Heath Slater and Ezekiel Jackson were the members of which stable? The Corre
47%
Hulk Hogan has held just one Tag Team Championship in his career. Who was his title winning partner? Edge
45%
Who ended Brock Lesnar's first WWE Championship reign in 2002? The Big Show
39%
What was the main event match of Summerslam 2001? Booker T vs. The Rock
33%
No matching quizzes found
Score Distribution
Percent of People with Each Score
Percentile by Number Answered
Your Score History
You have not taken this quiz